000 01346nam a2200289 a 4500
999 _c447875
_d447875
003 BLK
005 20230628132626.0
008 180410b bul|||||r ||||||| ||bul||
040 _aBLK
041 _aBUL
_cBUL
080 _aДраматични театри. Театри за драма и комедия. Вж и 82-2
_b792.2
_x(497.215)(062)
_z792.2(497.215)(062)
110 _9471280
_aДраматичен театър "Сава Огнянов" - Русе
139 _bД 87
245 1 0 _aНезавършен монолог
_bДокументална драматична поема от Тодор Генов
_h[Малотир. изд.]
260 _aРусе
_bб. и.
_c1971
_9219538
300 _a14 с.
_bс ил.
_c21 см
380 _a7
500 _aСезон 1971/1972 г. Постановка Николай Колев, гост-режисьор; Сценография Лидия Йорданова, гост-художник; Муз. оформл. Иван Филев
653 7 _9185505
_aДраматичен театър "Сава Огнянов"
653 7 _9197100
_aспектакли
653 7 _9198059
_aтеатрални постановки
852 _bК
_cК 792/Д 87
856 4 _qpdf
856 4 _qpdf
942 _cKNG
_n0
_s1
_01
944 _aCR
_c2022-03-09
_kХристина Везирева